Using dBASE III PLUS

Salvato in:
Dettagli Bibliografici
Autore principale: Pratt, Philip J.
Natura: Libro
Lingua:inglese
Pubblicazione: Boston Boyd and Fraser Publ. Co. 1991
Edizione:1. ed.
Soggetti:
Tags: Aggiungi Tag
Nessun Tag, puoi essere il primo ad aggiungerne!!

MARC

LEADER 00000nam a2200000 4500
001 c010076
005 20221206115010.9
020 |a 0-87835-581-2 
041 0 |a eng 
044 |a US 
245 1 0 |a Using dBASE III PLUS  |c Philip J. Pratt 
250 |a 1. ed. 
264 1 |a Boston  |b Boyd and Fraser Publ. Co.  |c 1991 
300 |a 298 s. 
610 2 0 |a programy počítačové 
610 2 0 |a manažment informačný 
610 2 0 |a softvér 
610 2 0 |a báza dát 
610 2 0 |a dBase III Plus 
100 1 |a Pratt, Philip J.